Essential XML: beyond markup (Record no. 6386)
[ view plain ]
| 000 -LEADER | |
|---|---|
| fixed length control field | 00517 a2200193 4500 |
| 020 ## - INTERNATIONAL STANDARD BOOK NUMBER | |
| International Standard Book Number | 0201709147 |
| 040 ## - CATALOGING SOURCE | |
| Original cataloging agency | DLC |
| 082 ## - DEWEY DECIMAL CLASSIFICATION NUMBER | |
| Classification number | 005.72 |
| 082 ## - DEWEY DECIMAL CLASSIFICATION NUMBER | |
| Classification number | 005.72 |
| 100 1# - MAIN ENTRY--PERSONAL NAME | |
| Personal name | Box, Don |
| 245 00 - TITLE STATEMENT | |
| Title | Essential XML: beyond markup |
| Remainder of title | beyond markup / |
| Statement of responsibility, etc. | Don Box, Aaron Skonnard, John Lam |
| 260 ## - PUBLICATION, DISTRIBUTION, ETC. | |
| Place of publication, distribution, etc. | Boston : |
| Name of publisher, distributor, etc. | Addison-Wesley, |
| Date of publication, distribution, etc. | cop. 2000 |
| 300 ## - PHYSICAL DESCRIPTION | |
| Extent | 368 s. : |
| Other physical details | ill. |
| 650 #7 - SUBJECT ADDED ENTRY--TOPICAL TERM | |
| Topical term or geographic name entry element | XML (Document markup language) |
| 650 #7 - SUBJECT ADDED ENTRY--TOPICAL TERM | |
| Topical term or geographic name entry element | XML |
| 700 1# - ADDED ENTRY--PERSONAL NAME | |
| Personal name | Skonnard, Aaron |
| 700 1# - ADDED ENTRY--PERSONAL NAME | |
| Personal name | Lam, John F. |
| 942 ## - ADDED ENTRY ELEMENTS (KOHA) | |
| Koha item type | Book |
| Call number prefix | 005.72 BOX |
| Source of classification or shelving scheme | |
| Withdrawn status | Lost status | Damaged status | Not for loan | Collection code | Permanent Location | Current Location | Shelving location | Date acquired | Source of acquisition | Cost, normal purchase price | Total Checkouts | Full call number | Barcode | Date last seen | Price effective from | Koha item type |
|---|---|---|---|---|---|---|---|---|---|---|---|---|---|---|---|---|
| Central Library (CL) | Central Library (CL) | First Floor - Operating System/ Data Structure | 11/11/2002 | Book Field | 350.62 | 005.72 BOX | SEECS002739 | 11/14/2012 | 01/05/2017 | Book |
